Sports Quiz

Random Sports or NHL Quiz

NHL Winter Classic Winners Quiz Stats

 Plays Quiz Updated Jan 2, 2017

Challenge
Share
Tweet
Embed
Score 0/10 Timer 02:00
1 Play Today
Year Team % Correct
2010Boston Bruins
92%
2008Pittsburgh Penguins
91.2%
2009Detroit Red Wings
88.8%
2018New York Rangers
87.8%
2011Washington Capitals
85.8%
2015Washington Capitals
85.8%
2017St. Louis Blues
81.2%
2012New York Rangers
81.2%
2014Toronto Maple Leafs
79.3%
2016Montreal Canadiens
76.6%

You're not logged in!

Compare scores with friends on all Sporcle quizzes.
Join for Free
OR
Log In

You Might Also Like...

Show Comments

Extras

Top Quizzes Today


Score Distribution

Your Account Isn't Verified!

In order to create a playlist on Sporcle, you need to verify the email address you used during registration. Go to your Sporcle Settings to finish the process.

Report this User

Report this user for behavior that violates our Community Guidelines.

Details: